Rehabilitácia mestského bloku "Tabačka" v MPR Banská Štiavnica pre účely nového centra mesta.

Salvato in:
Dettagli Bibliografici
Autore principale: Solčianska, Andrea (Autore)
Altri autori: Gregorová, Jana (Relatore della tesi)
Natura: Manoscritto Libro
Lingua:slovacco
Pubblicazione: 2019
Soggetti:
Accesso online:http://is.stuba.sk/zp/portal_zp.pl?podrobnosti=142901
https://opac.crzp.sk/?fn=detailBiblioForm&sid=9F8942B94996237AAEF919F666DC
Tags: Aggiungi Tag
Nessun Tag, puoi essere il primo ad aggiungerne!!

MARC

LEADER 00000ntm a22000003a 4500
001 stuzp72568
003 SK-STU
005 20230609104219.5
007 ta
008 150427s2015----xo-----f-mn---000-0-slo-d
040 |a STU  |b slo 
041 0 |a slo 
100 1 |a Solčianska, Andrea  |u 010310  |k Z4  |4 aut  |U SvF Stavebná fakulta  |T SvF Katedra architektúry  |X 62995  |U V181|V310  |Y 19  |7 62995 
242 0 1 |a Rehabilitation of the "Tabačka" town block in urban monument reservation Banská Štiavnica for the purpose of the new city center.  |y eng 
245 1 0 |a Rehabilitácia mestského bloku "Tabačka" v MPR Banská Štiavnica pre účely nového centra mesta. 
260 |c 2019 
650 4 |a historická zástavba  |2 slo 
650 4 |a galéria  |2 slo 
650 4 |a výstavný priestor  |2 slo 
650 4 |a terasy  |2 slo 
650 4 |a historical building  |2 eng 
650 4 |a terraces  |2 eng 
650 4 |a gallery  |2 eng 
650 4 |a exhibition space  |2 eng 
700 1 |a Gregorová, Jana  |u 010310  |k Z1  |4 ths  |U SvF Stavebná fakulta  |T SvF Katedra architektúry  |X 420  |U V181|V310  |Y 19  |7 A000000420 
856 4 |u http://is.stuba.sk/zp/portal_zp.pl?podrobnosti=142901 
856 4 |u https://opac.crzp.sk/?fn=detailBiblioForm&sid=9F8942B94996237AAEF919F666DC